Health and health care in Britain (Record no. 202612)

MARC details
000 -LEADER
fixed length control field 00769nam a2200241Ia 4500
008 - FIXED-LENGTH DATA ELEMENTS--GENERAL INFORMATION
fixed length control field 191130s1994##################000#0#eng##
020 ## - INTERNATIONAL STANDARD BOOK NUMBER
ISBN 9780333961582
082 ## - DEWEY DECIMAL CLASSIFICATION NUMBER
Classification number 362.10941 BAG
100 ## - MAIN ENTRY--AUTHOR NAME
Personal name Baggott, Rob
245 ## - TITLE STATEMENT
Title Health and health care in Britain
Statement of responsibility, etc Rob Baggott
260 ## - PUBLICATION, DISTRIBUTION, ETC. (IMPRINT)
Place of publication New York
Name of publisher St. Martin's Press
Year of publication 1994
300 ## - PHYSICAL DESCRIPTION
Number of Pages xv, 428p. : ill. ; 24 cm
500 ## - GENERAL NOTE
General note Includes bibliographical references (p. 276-301) and index
650 ## - SUBJECT ADDED ENTRY--TOPICAL TERM
Topical Term Medical care - Great Britain
Topical Term Medical policy - Great Britain
Topical Term National health services - Great Britain
Topical Term Public health - Great Britain
991 ## -
-- 366614
Holdings
Withdrawn status Lost status Damaged status Not for loan Home library Current library Date acquired Full call number Accession Number Price effective from Koha item type
        Anna Centenary Library Anna Centenary Library 13.10.2020 362.10941 BAG 308789 13.10.2020 English Books

Find us on the map